000 01049nam a2200229Ia 4500
999 _c38438
_d38438
001 4449
003 GE_BSU
005 20190517211012.0
008 181216s1960||||ge |||||||||||||| ||geo||
040 _cGE_BSU
041 _ageo
080 _a52(075.8) geo
100 _aხარაძე, ე.
_91367
245 _aზოგადი ასტროფიზიკის კურსი (ასტროფიზიკური დაკვირვება–გამოკვლევების მეთოდები და ხელსაწყოები) /
245 _cრედ. მ. კოლხიდაშვილი.
264 _aთბილისი :..
_bთბილ. სახ. უნ–ტის გამ–ბა,
_c1960.
300 _a483 გვ :.
_c23 სმ..
653 _aზოგადი ასტროფიზიკის კურსი.
653 _aასტროფიზიკა
700 _a კოლხიდაშვილი, მ
_eრედაქტორი
_91368
942 _cBK
_2udc